| 000 | 00554cam a22002171 4500 | ||
|---|---|---|---|
| 001 | sa 65003001 | ||
| 003 | DLC | ||
| 005 | 20260227112120.0 | ||
| 008 | 890907q19601965pk 000 0 urdr | ||
| 010 | _asa 65003001 | ||
| 035 | _a(OCoLC)20311614 | ||
| 040 |
_aDLC _cWaU _dDLC |
||
| 043 | _ae------ | ||
| 050 | 0 | 0 |
_aD199.7 _b.J3 |
| 100 | 1 |
_aJaʻfrī, Raʼīs Aḥmad, _d1912-1968. |
|
| 245 | 1 | 0 | _aIslām ke ghāzī Yūrap men̲. |
| 260 |
_aLahore, _c[196-] |
||
| 300 |
_a228 p. _c21 cm. |
||
| 546 | _aIn Urdu. | ||
| 650 | 0 |
_aMuslims _zEurope _xHistory. |
|
| 999 |
_c62913 _d62913 |
||